书目信息 |
| 题名: |
自然法与现代正义:以莱布尼茨为中心的探讨
|
|
| 作者: | 邓安庆 主编 | |
| 分册: | ||
| 出版信息: | 上海 上海教育出版社 2017 |
|
| 页数: | 182页 | |
| 开本: | 26cm | |
| 丛书名: | 伦理学术 | |
| 单 册: | ||
| 中图分类: | B516.22 , B82 | |
| 科图分类: | ||
| 主题词: | ||
| 电子资源: | ||
| ISBN: | 978-7-5444-4012-7 | |
| 000 | 01061oam2 2200253 450 | |
| 001 | 3773 | |
| 005 | 20180527192933.21 | |
| 010 | @a978-7-5444-4012-7@dCNY48.00 | |
| 100 | @a20180412d2017 em y0chiy50 ea | |
| 101 | 0 | @achi |
| 102 | @aCN@b310000 | |
| 105 | @ay z 000yy | |
| 200 | 1 | @a自然法与现代正义:以莱布尼茨为中心的探讨@9zi ran fa yu xian dai zheng yi: yi lai bu ni ci wei zhong xin de tan tao@f邓安庆主编 |
| 210 | @a上海@c上海教育出版社@d2017 | |
| 215 | @a182页@d26cm | |
| 225 | 2 | @a伦理学术@v3 |
| 330 | @a本书以交流伦理学研究为中心,展现*新的伦理学研究成果,构建世界性哲学平台,为世界各地的学者探究当今世界的伦理秩序之重建提供一个自由对话和学术切磋的公共空间,促进中国伦理学术融入世界,也力将世上的“仁心仁闻”纳入中国伦理话语之中。本辑以莱布尼茨为探讨中心,由中外研究知名学者共同研究莱布尼茨的哲学思想。 | |
| 461 | 0 | @12001 @a伦理学术 |
| 600 | 1 | @a莱布尼茨, L. G. E. V.@f1646-1716@x伦理学@x研究 |
| 690 | @aB516.22@v5 | |
| 690 | @aB82@v5 | |
| 701 | 0 | @a邓安庆@9Deng An Qing@4主编 |
| 801 | 0 | @aCN@b91MARC@c20180412 |
| 905 | @aMuseLib@dB516.22@e203 | |
| 自然法与现代正义:以莱布尼茨为中心的探讨/邓安庆主编.-上海:上海教育出版社,2017 |
| 182页;26cm.-(伦理学术;3) |
| ISBN 978-7-5444-4012-7:CNY48.00 |
| 本书以交流伦理学研究为中心,展现*新的伦理学研究成果,构建世界性哲学平台,为世界各地的学者探究当今世界的伦理秩序之重建提供一个自由对话和学术切磋的公共空间,促进中国伦理学术融入世界,也力将世上的“仁心仁闻”纳入中国伦理话语之中。本辑以莱布尼茨为探讨中心,由中外研究知名学者共同研究莱布尼茨的哲学思想。 |
| ● |
| 相关链接 |
|
|
|
|
正题名:自然法与现代正义:以莱布尼茨为中心的探讨
索取号:B516.22/203
 
预约/预借
| 序号 | 登录号 | 条形码 | 馆藏地/架位号 | 状态 | 备注 |
| 1 | 1110563 | 211105631 | 第一样本阅览室/ [索取号:B516.22/203] | 在馆 | |
| 2 | 1110564 | 211105640 | 教育系资料室/ [索取号:B516.22/203] | 在馆 | |
| 3 | 1110565 | 211105659 | 教育系资料室/ [索取号:B516.22/203] | 在馆 | |
| 4 | 1110566 | 211105668 | 第一借阅区/ [索取号:B516.22/203] | 在馆 |